000 00622cam a22002293a 4500
001 18584
003 PGUSA
005 20140828083409.0
008 060614s2006||||xxu|||||s|||||000 1 eng d
040 _aPGUSA
_beng
042 _adc
050 4 _aPS
100 1 _aPiper, H. Beam,
_d1904-1964
245 1 4 _aThe Edge of the Knife
_h[electronic resource] /
_cH. Beam Piper
260 _bProject Gutenberg,
_c2006
506 _aPublic domain in the USA.
516 _aElectronic text
653 _aScience fiction
830 0 _aProject Gutenberg
_v18584
856 4 0 _uhttp://www.gutenberg.org/ebooks/18584
942 _cEB
999 _c247839
_d247839